000 00547nam a2200181Ia 4500
005 20250508160213.0
008 008 250505s9999 xx 000 0 eng d
037 _aBooks to be hide in OPAC
040 _aFEDL
_beng
_cFEDL
041 _aeng
_2eng
084 _a370.973, UNI/O
_qFEDL
100 _aJones Thomas Jesse
_9139462
245 0 _aRecent progress in Negro education
260 _aWashington, USA
_bU.S. Government Printing Office
_c1919
300 _a10p.
942 _cHB
_h370.973, UNI/O
999 _c1362646
_d1362646